| 000 | 01944nam a2200517 i 4500 | ||
|---|---|---|---|
| 001 | 15501 | ||
| 003 | KOSZ 005 | ||
| 005 | 20200630105846.0 | ||
| 008 | 200417s1973 pl a f 000 0 pol | ||
| 015 | _aUWD 1973/4491 | ||
| 035 | _a991033530969705066 | ||
| 035 | _a(PL-WaBN)b18977959-48omnis_nlop | ||
| 035 | _ab18977959 | ||
| 035 | _a(OCoLC)749257166 | ||
| 035 | _a(PL)b0000001897795 | ||
| 035 | _a(EXLNZ-48OMNIS_NETWORK)9910447121105606 | ||
| 040 |
_aWA N _cWA N _dKOSZ 005/RW |
||
| 041 | 1 |
_apol _hrus |
|
| 046 | _k1973 | ||
| 080 | _a519.87 | ||
| 080 | _a167/168 | ||
| 245 | 0 | 0 |
_aProblemy metodologii badań systemowych : _bpraca zbiorowa / _credaktor naukowy Stanisław May ; tłumaczenie Eugenia Kyparisis. |
| 246 | 1 |
_iTytuł oryginału: _aProblemy metodologii sistemnogo issledovaniâ |
|
| 260 |
_aWarszawa : _bWydawnictwa Naukowo-Techniczne, _c1973. |
||
| 300 |
_a360 stron : _bilustracje ; _c24 cm. |
||
| 336 |
_aTekst _btxt _2rdacontent |
||
| 337 |
_aBez urządzenia pośredniczącego _bn _2rdamedia |
||
| 338 |
_aWolumin _bnc _2rdacarrier |
||
| 380 | _aKsiążki | ||
| 380 | _aPublikacje naukowe | ||
| 388 | _a1901-2000 | ||
| 388 | _a1945-1989 | ||
| 521 | 8 | _aKsiążka jest przeznaczona dla inżynierów różnych specjalności, pracowników placówek naukowo-badawczych oraz wszystkich tych, którzy interesują się problemami filozofii i metodologii nauki. | |
| 650 | 7 | _aAnaliza systemowa | |
| 650 | 7 | _aModele matematyczne | |
| 650 | 7 | _aMetodologia | |
| 655 | 7 | _aPraca zbiorowa | |
| 658 | _aInżynieria i technika | ||
| 658 | _aFilozofia i etyka | ||
| 700 | 1 |
_aMay, Stanisław _eRedakcja |
|
| 700 | 1 |
_aKyparisis, Eugenia _eTłumaczenie |
|
| 710 | 2 |
_aWydawnictwa Naukowo-Techniczne _4pbl |
|
| 856 |
_uhttp://koha.tu.koszalin.pl/cgi-bin/koha/opac-detail.pl?biblionumber=15501 _yKatalog online BPK |
||
| 942 |
_2UKD _cKS |
||
| 999 |
_c15501 _d15501 |
||